000
00285nam a2200121Ia 4500
005
20251222144657.0
008
251222s9999||||xx |||||||||||||| ||spa||
082
_a
307.148.5/P78
100
_a
Portocarrero, Gonzalo
245
0
_a
Los Nuevos LimeƱos:
264
_b
Tafos
942
_c
LIB
999
_c
17306
_d
17306